|
|
|
|
| LEADER |
00000nab a2200000 a 4500 |
| 001 |
vtls000283629 |
| 003 |
SK-MaSNL |
| 005 |
20260304175224.0 |
| 008 |
250422c1986 xo 0 slo |
| 015 |
|
|
|a SNBRB19rr/mm-uuuuu
|
| 035 |
|
|
|a CL0293747
|
| 035 |
|
|
|a urn:nbn:sk:snk-ab2gcq
|
| 035 |
|
|
|a (urnnbn)urn:nbn:sk:snk:ar-a02e1w
|
| 035 |
|
|
|a (uuid)3d6ce0a7-51b9-417b-b217-5c7e6dff10bb
|
| 040 |
|
|
|a SNKBUCL
|b slo
|c SNKBUCL
|e AACR2
|
| 041 |
0 |
|
|a slo
|
| 044 |
|
|
|a xo
|c SK
|
| 080 |
|
|
|a 65.012.4:334.724.6
|2 1981
|
| 080 |
|
|
|a 334.724.6
|2 1981
|
| 100 |
1 |
|
|a Majtán, Miroslav,
|d 1946-
|4 aut
|9 201903
|
| 245 |
1 |
0 |
|a Mikuláš Sedlák: Riadenie priemyselných podnikov
|c Miroslav Majtán
|
| 650 |
0 |
7 |
|a priemyselné podniky
|2 snkbucl
|9 2346
|
| 650 |
0 |
7 |
|a podnikový manažment
|2 snkbucl
|9 3483
|
| 650 |
0 |
7 |
|a monografie
|2 snkbucl
|9 256509
|
| 655 |
|
7 |
|a recenzie
|2 snkbucl
|9 21907
|
| 655 |
|
7 |
|a články z novín a časopisov
|2 snkbucl
|9 267496
|
| 773 |
0 |
|
|t Ekonomické rozhľady
|g Roč. 19, č. 2 (1986), s. 141-143
|
| 787 |
0 |
8 |
|i Rec.:
|a Sedlák, Mikuláš
|t Riadenie priemyselných podnikov
|d Bratislava : Práca, 1985
|
| 850 |
|
|
|a Slovenská národná knižnica
|
| 852 |
|
|
|a Slovenská národná knižnica
|
| 954 |
|
|
|a odborná, vedecká literatúra pôvodná (slovenská)
|2 lita
|
| 958 |
|
|
|a article27
|
| 958 |
|
|
|a RK
|
| 958 |
|
|
|a OND
|
| 958 |
|
|
|a EUIPO
|
| 992 |
|
|
|a RBX
|
| 999 |
|
|
|c 3012513
|d 3014443
|